000
00319nam a2200133Ia 4500
005
20260328104338.0
008
260328s9999||||xx |||||||||||||| ||und||
100
_a
Zevi, Bruno
245
0
_a
Erik Gunnar Asplund /
_c
Bruno Zevi
260
_b
Ediciones Infinito
300
_a
93 p.
650
_a
ARQUITECTOS
942
_c
BK
999
_c
12007
_d
12007